Κοινωνιολογία της ελληνικής εκπαίδευσης : (συμβολές)
Αποθηκεύτηκε σε:
| Κύριος συγγραφέας: | |
|---|---|
| Μορφή: | Βιβλίο |
| Γλώσσα: | Greek |
| Δημοσίευση: |
Αθήνα :
Gutenberg,
2006
|
| Σειρά: | Βιβλιοθήκη κοινωνικής επιστήμης και κοινωνικής πολιτικής
|
| Θέματα: | |
| Ετικέτες: |
Προσθήκη ετικέτας
Δεν υπάρχουν, Καταχωρήστε ετικέτα πρώτοι!
|
MARC
| LEADER | 00000cam a2200000 i 4500 | ||
|---|---|---|---|
| 001 | 1/12657 | ||
| 008 | 110329s2006 gre d | ||
| 020 | |a 960-01-0758-0 | ||
| 035 | |l 10109867 | ||
| 040 | |a GR-MY-UA |b gre |e aacr | ||
| 041 | 0 | |a gre | |
| 082 | 0 | |a 306.43 |2 (22) | |
| 100 | 1 | |a Μυλωνάς, Θεόδωρος Ν. | |
| 245 | 1 | 0 | |a Κοινωνιολογία της ελληνικής εκπαίδευσης : |b (συμβολές) / |c Θόδωρος Μυλωνάς |
| 260 | |a Αθήνα : |b Gutenberg, |c 2006 | ||
| 300 | |a 403 σ.; |c 21 εκ. | ||
| 490 | 1 | |a Βιβλιοθήκη κοινωνικής επιστήμης και κοινωνικής πολιτικής | |
| 504 | |a Βιβλιογραφία: σ.398-399. | ||
| 650 | 0 | 0 | |a Educational sociology |z Greece. |
| 650 | 0 | 0 | |a Education |z Greece. |
| 830 | 0 | |a Βιβλιοθήκη κοινωνικής επιστήμης και κοινωνικής πολιτικής | |
| 852 | |a INST |b RHODES |e 20110329 |h 306.43 ΜΥΛ |p 005400033023 |q 005400033023 |t BK |y 0 | ||
| 901 | |a BIBL4-2011-1 | ||
| 909 | |a Ρ |b 163486 | ||
| 970 | |z 2011/03/ | ||